000 00495nam a2200181Ia 4500
008 090124s9999 xx 000 0 und d
082 _b123560
100 _aसाठे माया
245 _a पाटलाचा वाडा
250 _a1
260 _c1989
300 _a178
600 _aसाठे माया
630 _a पाटलाचा वाडा
700 _aसाठे माया
730 _a पाटलाचा वाडा
942 _cBOOK
999 _c169647
_d169647